Normal view
MARC view
Entry Topical Term
001 - CONTROL NUMBER
- control field: 53448
003 - CONTROL NUMBER IDENTIFIER
- control field: BI-BuBU
005 - DATE AND TIME OF LATEST TRANSACTION
- control field: 20120311105407.0
008 - FIXED-LENGTH DATA ELEMENTS
- fixed length control field: 120311|||a|||||| | ||| d
040 ## - CATALOGING SOURCE
- Original cataloging agency: BI-BuBU
- Transcribing agency: BI-BuBU
150 ## - HEADING--TOPICAL TERM
- Topical term or geographic name as entry element: Poésie. Afrique Noire. Anthologie.
670 ## - SOURCE DATA FOUND
- Source citation: Work cat.: (BI-BuBU): aut Mateso, E. Locha 53447, Athologie de la poésie d'Afrique noire d'expression française, 1987
670 ## - SOURCE DATA FOUND
- Source citation: Work cat.: (BI-BuBU): aut Mateso, E. Locha 53447, Athologie de la poésie d'Afrique noire d'expression française, 1987